[Event "Minneapolis HB Global op"]
[Site "Minneapolis"]
[Date "2005.05.19"]
[Round "3"]
[White "Van Wely, Loek"]
[Black "Li, Wenliang"]
[Result "1-0"]
[WhiteElo "2687"]
[BlackElo "2422"]
[Annotator "Golod,V"]
[PlyCount "109"]
[EventDate "2005.05.18"]
[EventType "swiss"]
[EventRounds "9"]
[EventCountry "USA"]
[SourceTitle "CBM 107"]
[Source "ChessBase"]
[SourceDate "2005.08.01"]
[SourceVersion "1"]
[SourceVersionDate "2005.08.01"]
[SourceQuality "1"]

1. d4 Nf6 2. c4 e6 3. Nc3 Bb4 4. Qc2 c5 5. dxc5 O-O 6. a3 Bxc5 7. Nf3 Qb6 {
Black chose a very rare idea for this specific position.} (7... b6 $5 {It's
the main line.}) 8. e3 Qc7 $5 {In the previous chessbase magazine (CBM 106) I
commented another continuation:} (8... Be7 $5 {Beliavsky,A-Shaposhnikov,E/
Moscow,2005(1-0)(37)}) 9. b4 {Except this move there are other possibilities
in this position:} (9. Bd3 $5) (9. Bd2 $5) ({and} 9. b3 $5) 9... Be7 10. Bb2 (
10. Nb5 $143 Qd8 11. e4 a6 12. Nbd4 d6 13. Bd3 b6 14. O-O Bb7 15. h3 Nbd7 16.
Be3 Rc8 17. Qb1 Qc7 18. Rc1 Qb8 $11 {Medic,M-Koskela,N/Mallorca,2004(1-0)(64)})
10... d6 $146 (10... a6 $5 11. Bd3 d6 12. g4 Nxg4 13. Bxh7+ Kh8 14. Bd3 b5 15.
Rg1 {1/2-1/2 Rochev,Y-Berzinsh,R/Panormo,2001(15)}) (10... a5 $6 11. Nb5 Qd8
12. bxa5 (12. Ng5 $5) 12... Qxa5+ 13. Bc3 Qa4 14. Bd3 Qxc2 15. Bxc2 Na6 16. Ke2
Nc5 17. Bb4 b6 18. Rhd1 Bb7 19. a4 d5 20. Ne5 Rfc8 {1/2-1/2 Reinderman,D-Greet,
A/Gausdal,2005(20)}) 11. Bd3 Nbd7 (11... Nc6 $143 12. Nb5 Qb8 13. Rd1 a6 14.
Nc3 Rd8 15. O-O $14) ({Another option was:} 11... a6 $5 {preventing White's
knight to jump to b5.}) 12. g4 $5 {[%csl Rh7][%cal Gg4g5,Yf6h7,Gg5f6] A
fashionable move. In past years this move became a firm sign of various
openings. In this specific position such idea was already tested (see game
Rochev - Berzinsh,2001, annotation to 10th move of Black). White planned to
start an attack on black's kingside immediately, without castling. Of course,
a more quiet continuation was:} (12. O-O $5) 12... g6 13. g5 Nh5 (13... Ng4
$143 14. Nb5 Qb8 15. h4 $40) 14. Nb5 Qb8 {It's not so easy to evaluate this
position. Right to now, White has more space. But Black's position is very
tough. Besides White's king still remains in the centre, that gives Black good
chances for counterplay after the opening.} 15. Nbd4 Nb6 {[%cal Ge6e5,Gc8g4]}
16. a4 $6 {A very sharp move. The next maneuvre of White's knight deserved
attention:} (16. Ne2 $5 Bd7 17. Ng3 Bc6 18. Be4 Nxg3 19. hxg3 $14) 16... e5 17.
Nb3 {It was interesting was to check up a pawn sacrifice:} (17. a5 $5 exd4 18.
axb6 dxe3 19. fxe3 axb6 20. Rxa8 Qxa8 21. O-O $14 {After this move, Black has
time to finish development and to coordinate his pieces.}) 17... Bg4 18. Nfd2
Rc8 $11 {All attempts of White to create something on the kingside finished
without result and now the initiative gradually went over to Black.} 19. Rg1
Bd7 (19... Be6 $5 20. Na5 (20. a5 $143 Nxc4 21. Nxc4 Bxc4 22. Bxc4 d5 23. Qc3 (
23. Nc5 Bxc5 24. bxc5 Rxc5 $15) 23... Rxc4 24. Qxe5 Bxb4+ 25. Kf1 Qxe5 26. Bxe5
a6 $15) 20... d5 21. c5 Nd7 {with complicated play.}) 20. Na5 (20. a5 $143 Na4
21. Be4 Nxb2 22. Qxb2 Bc6 23. Bd5 b5 $13) 20... Rc7 $15 {[%csl Ra4,Rc4][%cal
Gb8e8,Ga8c8] Begins regrouping. It is too early to open the game:} (20... d5
$143 21. c5 Nxa4 22. Rxa4 b6 23. Ba6 Bxa4 24. Qxa4 bxa5 25. Bxc8 Qxc8 26. Qxa5
$11) 21. Be2 ({Very risky was:} 21. Be4 d5 22. c5 dxe4 23. Qxe4 Bf5 24. Qxe5 f6
25. gxf6 Bxf6 26. Qxf5 Bxb2 27. cxb6 axb6 28. Rd1 (28. Rb1 bxa5 29. Qxh5 Bc3
30. Qd5+ Rf7 $17) 28... bxa5 29. Qxh5 axb4 30. Qd5+ Kh8 $15) 21... Ng7 22. f4 {
Frankly speaking, I don't like White's position after this move. But with that,
it's hard to recommend something good for him. Questionable moves like 22.Bf3
or 22.Qb3 could solve all problems for White.} Qe8 $6 {Why don't open a
central file firstly?} (22... exf4 $142 23. exf4 Bf5 24. Qc3 Bf8 {[%csl Re1]
[%cal Gb8e8,Ge8e1]}) 23. b5 {Loek Van Wely preferred to avoid the next sharp
continuations:} (23. fxe5 $5 dxe5 24. Bxe5 Rcc8 (24... Bxb4 $5 25. Bxc7 Bxa5 (
25... Qxe3 $2 26. Rg3 $18) 26. Kf2 Bf5 27. e4 Qc6 $44) 25. Bxg7 Kxg7 26. Nxb7
Rab8 $44) 23... Be6 {Again for some reason Black didn't open the e-file.} (
23... exf4 $142 24. exf4 Bf5 25. Qc3 Bf8 $36) 24. Qd3 Rac8 25. Kf2 Nf5 $6 {
What happened with Black? Maybe the authority of his opponent pressured him?} (
{After} 25... exf4 26. exf4 d5 $1 $17 {his advantage is obvious, if not
decisive.}) 26. e4 Nd4 27. Bxd4 exd4 28. Rgc1 (28. f5 $2 Bxc4 29. Ndxc4 Nxc4
30. Nxc4 Rxc4 31. Qxc4 Rxc4 32. Bxc4 Bxg5 33. Rxg5 Qxe4 $19) (28. Qxd4 $2 d5 {
/\Bc5 -+}) 28... f5 $6 {Certainly, it was not Li Wenliang's day. He missed
another option to get a decisive advantage:} (28... d5 $1 29. exd5 Bf5 30. Qf3
(30. Qb3 Bc5 $19) 30... Bb4 31. Nab3 Re7 $17) 29. Bf3 Qf7 30. exf5 (30. Kg2 $2
fxe4 31. Qxe4 d5 32. Qxd4 dxc4 $19) 30... Bxf5 31. Qxd4 d5 32. Kg2 dxc4 {
Also good was:} (32... Bf8 $1 {[%csl Ra1,Rd4][%cal Gf8g7]}) 33. Ne4 Bxe4 34.
Qxe4 Bb4 {-/+/-+} 35. Nxb7 Re8 (35... Re7 $142 36. Qb1 Nd5 37. Kh1 Re3 38. Bg2
Rce8 $19) 36. Qb1 Bf8 $6 {Recommended could be:} (36... Nd5 $1 37. Kh1 Re3 38.
Nd8 Qd7 39. Nc6 Rxf3 40. Ne5 Qh3 41. Qe4 Rd3 42. Nxd3 Qxd3 43. Qxd3 cxd3 44.
Rxc7 Nxc7 $19) 37. Re1 (37. a5 $2 Nd5 38. a6 Nxf4+ 39. Kh1 Nd3 40. Rf1 Re1 41.
Qxe1 Nxe1 42. Raxe1 c3 {-/+/-+}) 37... Rxe1 38. Qxe1 Rxb7 39. Bxb7 Qxb7+ $17 {
Probably black's position is still winning, but now he has some technical
problems:A weak king and a couple of white's pawns on the queenside remain to
White chances for counterplay.} 40. Kg3 Qf7 41. Qe4 {First of all, activity of
the queen - "e4" is the perfect square for it.} Nd5 $2 {The mistake. It's hard
to say what Black missed in his calculations, maybe it was already
time-trouble. But anyway, why give up a passed pawn?} (41... c3 $5) 42. Qxc4
$15 Bd6 43. Rf1 Qf5 44. Kg2 Kf8 (44... Bxf4 $2 45. Rxf4 Qxg5+ 46. Kf3 $18) 45.
Qd4 {[%cal Gd4a7,Gd4h8]} Nxf4+ 46. Kh1 Be5 (46... Qe5 $2 47. Qxe5 Bxe5 48. a5
Ke7 49. b6 axb6 50. a6 Bb8 51. Rxf4 $18) 47. Qc5+ $132 (47. Qxa7 $2 Qe4+ $19)
47... Kg8 48. Qc4+ $6 {Surprisingly, Loek Van Wely started playing for win.} ({
This deserves attention:} 48. Qc6 Qxg5 (48... Kg7 $4 49. Qb7+ Qf7 $140 50.
Qxf7+ $1 Kxf7 51. a5 Ke7 52. b6 axb6 53. a6 Bb8 54. Rxf4 $18) 49. Qa8+ Kg7 50.
Qxa7+ Kh6 51. Qb7 Bc7 52. Qe4 Nd5 $11) 48... Kg7 49. a5 Qxg5 50. Qe4 Bc7 $2 (
50... Bd6 $142 51. b6 a6 $17) 51. b6 axb6 52. a6 (52. axb6 $143 Bb8 $15) 52...
Qb5 $6 (52... Bb8 $5 53. a7 Bxa7 54. Qd4+ Kg8 55. Qxf4 (55. Rxf4 $143 b5 56. h4
Bxd4 57. hxg5 Bc3 $11) 55... Qxf4 56. Rxf4 Bb8 57. Rf6 Be5 58. Rxb6 Bd4 $11)
53. Rc1 Nd5 54. Qd4+ {It's seems, that thequeen's ending after:} (54. a7 $142
Qb2 55. Rxc7+ Nxc7 56. Qe7+ Kh6 57. Qxc7 Qb1+ 58. Kg2 Qe4+ {probably is
drawish. But any way it was best continuation for White.}) 54... Kh6 55. a7 {
Unbelievable! In final of this long-suffering game Li Wenliang resigned in
drawish position (or probably he lost on time):} (55. a7 Qe2 56. Qh4+ Kg7 57.
a8=Q Qf3+ 58. Kg1 Qe3+ 59. Kf1 (59. Kh1 $2 Qxc1+ 60. Kg2 Nf4+ $19) (59. Kg2
Nf4+ 60. Kf1 Qe2+ 61. Kg1 Qe3+ 62. Kf1 Qe2+ (62... Qxc1+ $6 63. Qe1 Qc4+ 64.
Kg1 Qc5+ 65. Kh1 $16) 63. Kg1 Qe3+ $11) 59... Qxc1+ 60. Qe1 Qf4+ 61. Qf2 Qc1+
62. Qe1 (62. Kg2 $2 Nf4+ $19) 62... Qf4+ 63. Qf2 $11) 1-0

[Event "RUS-chT 12th"]
[Site "Sochi"]
[Date "2005.04.27"]
[Round "9"]
[White "Kiriakov, Petr"]
[Black "Tomashevsky, Evgeny"]
[Result "1/2-1/2"]
[WhiteElo "2565"]
[BlackElo "2524"]
[Annotator "Golod,V"]
[PlyCount "83"]
[EventDate "2005.04.19"]
[EventType "team-tourn"]
[EventRounds "11"]
[EventCountry "RUS"]
[SourceTitle "EXT 2020"]
[Source "ChessBase"]
[SourceDate "2019.10.17"]
[SourceVersion "1"]
[SourceVersionDate "2019.10.17"]
[SourceQuality "1"]
[WhiteTeam "Saransk TPS"]
[BlackTeam "Saratov Ekonomist SGSEU"]
[WhiteTeamCountry "RUS"]
[BlackTeamCountry "RUS"]

1. d4 Nf6 2. c4 e6 3. Nc3 Bb4 4. Qc2 c5 5. dxc5 O-O 6. a3 Bxc5 7. Nf3 b6 8. Bg5
Bb7 9. e4 h6 10. Bh4 Be7 11. Rd1 Nh5 12. Bxe7 $5 (12. Bg3 $5 {White's idea is
to get an activity on the h-file for his rook. For further information, you
can see my comments to Sokolov,I-Kurajica,B/Sarajevo, 2004/CBM 101(1-0)(50)})
12... Qxe7 13. Qd2 d5 14. Bd3 $5 $146 {A logical novelty. White finished the
development of his pieces.} ({Comments from 13.Qd2 till 14.Bd3!? also for 14.
cd5?! and} 14. Qe3 $6 {can you find in my annotations to Shipov,S-Shneider,A/
Port Erin,1999/CBM 74(1/2-1/2)(24)}) (14. e5 $5 dxc4 15. Be2 (15. Qe3 $143 {
Macieja,B} Qc5 $13) 15... Nc6 (15... f6 $5 16. Nh4 (16. Bxc4 $5) 16... Qf7 17.
Nb5 fxe5 18. O-O Nf4 19. Nd6 Qf6 20. Nxb7 Qxh4 21. Bf3 Na6 22. g3 Nh3+ 23. Kg2
Qf6 24. Bc6 Rac8 25. Qd6 Ng5 26. h4 Nf7 27. Qd7 Rc7 {0-1 Kiriakov,P-Macieja,B/
playchess.com INT,2004(27)}) 16. Qe3 f5 (16... f6 $5) 17. Bxc4 Na5 18. Ba2 Rac8
19. O-O Nc4 20. Bxc4 Rxc4 21. Nd4 a6 22. f3 g5 23. Nb3 Rc6 24. Rd4 Nf4 25. Rfd1
Rc7 26. Rd6 $16 {Volzhin,A-Taimanov,M/Stockholm,1999(1-0)(38)}) 14... dxc4 15.
Bxc4 Na6 {Black develops his knight and connects his rooks.} (15... Rc8 $144
16. Be2 Nf6 17. Qe3 Nbd7 18. O-O $14) 16. O-O $14 {White has little advantage
after the opening thanks to the unsuccessful position of black's knight on h5.}
Nc5 {[%csl Re4][%cal Gc5e4,Gb7e4]} (16... Rad8 $143 17. Qe2 Nf4 18. Qe3 Qc7 19.
Bb5 $14) (16... Rac8 $6 17. Be2 $14 {/\e5}) 17. Qe3 Rac8 {[%csl Rc4,Gc8][%cal
Gc5e4,Gc8c4]} 18. Ba2 ({This deserves attention:} 18. Rc1 $5 {/\19.b4}) 18...
Rfd8 {Black's play is very logical: he finishes his development and put the
rooks on the open files. The only defect of his position is the knight on h5.}
19. Bb1 (19. e5 $143 Bxf3 20. Qxf3 Qg5 21. Rxd8+ Rxd8 22. Re1 g6 $11) ({
It is interesting to check next continuation:} 19. b4 Nd7 20. Nb5 (20. Rfe1
$143 Nhf6 21. h3 Ne8 $11) 20... Ba6 21. Nxa7 Rc7 22. Nd4 {><c6} Ne5 23. Nab5
Rcd7 24. Bb3 Qh4 25. f3 Qf4 $44) 19... Nd7 20. Rd2 Nhf6 $11 {Black
successfully solved his last problem. Now the position is fully equal and
opponents could easily agree for draw. But Petr Kiriakov demonstrates his
fighting spirit (maybe it's linked to the team format of the competition).} 21.
Rfd1 Nf8 $6 {A sure way to draw - exchanging the pieces. But why not to put a
knight on a more active position:} (21... Nc5 $5 22. Nd4 (22. b4 Rxd2 23. Nxd2
(23. Rxd2 $144 Na4) 23... Ncd7 $11) 22... a5 23. e5 Nd5 24. Qg3 Nxc3 25. bxc3
Ne4 26. Bxe4 Bxe4 27. a4 Rd5 $11) 22. Ne5 $14 Rxd2 23. Qxd2 Qc5 24. Qd4 (24.
Qf4 $143 Qc7 25. Nb5 Rd8 26. Rd3 (26. Bd3 $2 Qb8 27. f3 $140 $2 (27. Nc3 $142)
27... N8d7 28. Bf1 g5 29. Qg3 Nh5 30. Nxd7 Nxg3 31. Nxb8 Rxd1 32. hxg3 Rd8 33.
Nxa7 Rxb8 34. Nb5 Rd8 {-/+/-+}) 26... Rxd3 27. Bxd3 Qb8 28. g3 $11) 24... Qxd4
25. Rxd4 Rc7 {/\26...N8d7} 26. f3 (26. Rd8 $2 Bxe4 27. Bxe4 Nxe4 $17) ({
A good option here was:} 26. Rc4 $5 Rxc4 (26... Rc5 27. Rxc5 bxc5 28. Nc4 $14)
(26... Re7 27. f3 $14) 27. Nxc4 N8d7 28. Nd6 Ba8 29. b4 Kf8 30. f3 $14) 26...
N8d7 27. Rc4 {Now it's too late. Black has made progress in the coordination
of his pieces.} Rxc4 28. Nxc4 Ne8 {Preventing White's knight to go to d6.} 29.
Bd3 {Relatively good was now and in the next move:} (29. b4 $5 {with space's
advantage.}) 29... Bc6 30. Ne3 $6 {The start of strange maneuvre of the knight.
Probably better was:} (30. b4 $5) ({or} 30. Kf2 $5) 30... Nd6 $11 31. Nc2 Ne5
32. Be2 g5 {Prevented 33.f4.} 33. Nd4 Bd7 34. b3 {[%csl Rc4][%cal Yb3c4] White
also needs to think about defence.} Kf8 35. Kf2 Ke7 36. Ke3 Nc6 37. g3 f6 38.
f4 (38. Ndb5 $144 Nxb5 39. Nxb5 e5) 38... Na5 39. Bd1 Be8 40. h4 gxf4+ 41. gxf4
Bf7 42. Ndb5 ({After:} 42. Ndb5 {the opponents agreed to a draw in light of
the next variation:} e5 43. Nxa7 Nxb3 44. fxe5 fxe5 45. Nc6+ Kf6 46. Bxb3 Bxb3
$11) 1/2-1/2

[Event "Olympiad-36"]
[Site "Mallorca"]
[Date "2004.10.23"]
[Round "8"]
[White "Lautier, Joel"]
[Black "Macieja, Bartlomiej"]
[Result "1/2-1/2"]
[WhiteElo "2682"]
[BlackElo "2613"]
[Annotator "Golod,V"]
[PlyCount "61"]
[EventDate "2004.10.15"]
[EventType "team-swiss"]
[EventRounds "14"]
[EventCountry "ESP"]
[SourceTitle "CBM 104"]
[Source "ChessBase"]
[SourceDate "2005.01.27"]
[SourceVersion "1"]
[SourceVersionDate "2005.01.27"]
[SourceQuality "1"]
[WhiteTeam "France"]
[BlackTeam "Poland"]
[WhiteTeamCountry "FRA"]
[BlackTeamCountry "POL"]

1. d4 Nf6 2. c4 e6 3. Nc3 Bb4 4. Qc2 c5 5. dxc5 O-O 6. a3 Bxc5 7. Nf3 b6 8. Bf4
Bb7 9. Rd1 Nc6 10. b4 {Comments to this part of the game and also to:} (10. e4
{You can find in my annotations to game: Bareev,E-Ivanchuk,V/Rethymnon,2003/
CBM 98(0-1)(41)}) ({Besides White has two another alternatives:} 10. e3 $5 {
You can see annotations to Lalic,B-Motwani,P/Hastings,1996/CBM 57(1/2-1/2)
(Alterman,B)(24)}) ({and} 10. h3 $5 {><g4 with preparing point "h2" for bishop.
}) 10... Be7 11. e4 a5 $5 $146 {קa5,b4 /^a3-f8 Bartlomiej Macieja has decided
to begin active actions at the queen side with the purpose to spoil a pawns
structure of White and to create by him of weakness.} ({Recently was checked
up another continuation:} 11... Rc8 $143 12. e5 (12. Bd3 $143 Nh5 13. Be3 Qc7
14. O-O Nf6 15. h3 $11 {Kouatly,B-Hjartarson,J/Reykjavik,1993(1/2-1/2)(17)})
12... Nh5 13. Be3 Qc7 14. Nb5 Qb8 15. Nd6 Bxd6 16. exd6 $14 {You can see my
comments to Bareev,E-Korotylev,A/Moscow,2004/CBM 104(1-0)(58)}) 12. b5 {
White had no other worthy alternative.} Nb8 (12... Na7 $143 {because now
black's knight can not get on a field "c5".}) 13. e5 $1 ({It was very
dubiously:} 13. a4 {in view of:} Bb4 {/^a5-e1 (עe1); /^a8-h1}) 13... Nh5 14.
Be3 {קb6} Bxf3 $1 {Black can not simultaneously protect all weaknesses and
consequently should agree to the next positional concession.} ({Leads to
benefit of the contender:} 14... Bxa3 $6 15. Be2 $1 {/\Nd2 (פh5) or Na4 (קb6)
|^} (15. Bd3 $143 f5 $13) (15. Ng5 $143 g6 16. Be2 Ng7 17. O-O $44 {><b6,d6,f6}
)) 15. gxf3 Bxa3 16. Bd3 ({After:} 16. Na4 $6 Bb4+ 17. Ke2 d5 $5 $13 {the
white's king is located rather unsuccessfully.}) 16... f5 $1 {Differently,Joel
Lautier will develop strong pressure on the black's position:} (16... h6 $6 17.
Rg1 $40) (16... g6 17. Be4 Ra7 18. Na4 {קb6}) 17. exf6 Nxf6 18. Na4 {[%csl
Rb6]} d6 ({Now is senselessly:} 18... Bb4+ 19. Ke2) 19. Nxb6 (19. Bxb6 $6 Bb4+
20. Ke2 Qe7 {/\Nbd7}) 19... Ra7 20. c5 {[%csl Gd1,Rd8]} Bxc5 $1 {Correct idea!
Black have calculated precisely all consequences of this move.Now he has a
equal chances in the subsequent tactical complications.} (20... Rc7 $6 21. c6
Bb4+ (21... Bc5 $4 22. Bxc5 dxc5 23. Bxh7+ Nxh7 24. Rxd8 Rxd8 25. Qxc5 $18) 22.
Ke2 d5 23. Na4 $14) 21. Bxc5 $140 Rc7 (21... dxc5 $4 {is refuted by:} 22. Bxh7+
Nxh7 23. Rxd8 Rxd8 24. Qxc5 {+/-/+-}) 22. Na4 ({In my opinion,it is not enough
for the equation:} 22. Bc4 $6 Rxc5 23. Bxe6+ Kh8 24. Qxc5 $8 (24. Nc4 $4 d5 $19
) 24... dxc5 25. Rxd8 Rxd8 {[%csl Rb6,Re1,Re6][%cal Gd8e8,Gd8d6]} 26. Ba2 Nbd7
$15) 22... Nbd7 23. b6 Rxc5 (23... Rc8 $5 {/\Nxc5} 24. b7 (24. Bc4 $5 Nxc5 25.
Nxc5 Rxc5 (25... Qxb6 $5 26. Bxe6+ (26. Nxe6 $4 Qb4+ 27. Qd2 $140 (27. Kf1 $142
Rxc4 $19) 27... Qxc4 $19 28. Nxf8 Re8+) 26... Kh8 27. Bxc8 Rxc8 $44) 26. Bxe6+
Kh8 27. Qxc5 dxc5 28. Rxd8 Rxd8 29. O-O Rb8 30. Rb1 a4 31. Rb5 $11) 24... Rxc5
25. Nxc5 Nxc5 {and absolutely not clearly: than position of the white's pawn
on point "b7" is better in comparison with position on point "b6"? :} 26. Rb1
Qc7 27. Be4 Rb8 {קb7}) 24. Nxc5 Nxc5 $44 25. Rb1 Rf7 {[%csl Rb6][%cal Gf7b7]}
26. O-O {The castle on the 26-th move - it's rather strange,but correct
decision.} Rb7 27. Bc4 Rxb6 ({Hardly it was better:} 27... Nfd7 28. Rfe1 d5 29.
Bb5 Rxb6 30. Bxd7 Nxd7 31. Rxb6 Qxb6 32. Qc8+ Nf8 33. Ra1 $11 {[%csl Ra5][%cal
Gc8a8]}) 28. Qa2 {קa5,Pe6} d5 ({Leads to benefit of White:} 28... Rxb1 $6 29.
Bxe6+ Kh8 30. Rxb1) 29. Qxa5 Ncd7 (29... Nfd7 $144 30. Rxb6 Qxb6 31. Qxb6 Nxb6
32. Bb5 {with approximate equality in endgame.}) 30. Bd3 Qb8 31. Rxb6 $11 (31.
Rxb6 Qxb6 (31... Nxb6 $6 32. Rb1 Nfd7 33. Qb4 $14) 32. Qxb6 Nxb6 33. Rb1 Nbd7
34. f4 $11) 1/2-1/2